|
|
|
|
| LEADER |
00000nam0a2200000 4500 |
| 001 |
150858 |
| 005 |
20231031150317.0 |
| 010 |
|
|
|a 5270012316
|
| 020 |
|
|
|a RU
|b 91-9247
|
| 035 |
|
|
|a (RuTPU)RU\TPU\book\163566
|
| 090 |
|
|
|a 150858
|
| 100 |
|
|
|a 20090115d1990 m y0rusy5003 ca
|
| 101 |
0 |
|
|a rus
|
| 102 |
|
|
|a RU
|
| 105 |
|
|
|a a z 001ab
|
| 200 |
1 |
|
|a Федор Толстой Американец
|f С. Л. Толстой
|g худож. В. Е. Тё
|
| 210 |
|
|
|a Москва
|c Современник
|d 1990
|
| 215 |
|
|
|a 61,[3] с.
|d 21 см
|c ил.
|
| 320 |
|
|
|a Библиогр.: с. 63
|
| 600 |
|
1 |
|a Толстой
|b Ф. И.
|c отставной гвардейский офицер
|f 1782-1846
|g Федор Иванович
|c Толстой-Американец
|2 stltpush
|3 (RuTPU)RU\TPU\pers\10157
|
| 610 |
1 |
|
|a Россия
|
| 610 |
1 |
|
|a 18 век
|
| 610 |
1 |
|
|a 19 век
|
| 610 |
1 |
|
|a исторические романы
|
| 610 |
1 |
|
|a русская литература
|
| 675 |
|
|
|a Р2
|z rus
|v 3
|
| 700 |
|
1 |
|a Толстой
|b С. Л.
|g Сергей Львович
|4 070
|
| 702 |
|
1 |
|a Тё
|b В. Е.
|4 440
|
| 801 |
|
0 |
|a RU
|b RuMRKP
|c 19950417
|g psbo
|
| 801 |
|
1 |
|a RU
|b 63413507
|c 20090115
|g PSBO
|
| 801 |
|
2 |
|a RU
|b 63413507
|c 20090601
|g PSBO
|
| 942 |
|
|
|c BK
|